| 000 | 00405nam a2200169 4500 | ||
|---|---|---|---|
| 008 | 250220b ||||| |||| 00| 0 eng d | ||
| 020 | _a9789348002372 | ||
| 041 | _aeng | ||
| 082 |
_a342.54 _bNAC |
||
| 100 | _aNarender Kumar | ||
| 245 | _aConstitutional Law of India | ||
| 250 | _a12th Ed. | ||
| 260 |
_aHaryana _bAllahabad Law Agency _c2025 |
||
| 300 | _a1175p. | ||
| 650 | _aLAW | ||
| 942 |
_2ddc _cBK |
||
| 999 |
_c49585 _d49585 |
||